000 00577nam a22001937a 4500
003 DO-SdBNP
005 20220509134552.0
008 110301s202u dr 000 0 spa d
020 _a9789945808971
040 _aDO-SdBNP
_bspa
_cBNPHU
082 4 _axxxx
_bM348s
100 1 _aMarlín Peguero, Elías
_953018
245 1 0 _aSalmo 119 :
_bel camino a la perfección /
_cElías Marlín Peguero
260 _aSanto Domingo :
_bSociedades Bíblicas Unidas,
_c[202-].
300 _a107 p. :
_c20 cm.
590 _aInventariado, 2022/ YL
910 _aYLockward
942 _2ddc
_cLBS1
999 _c51679
_d51679